| 000 | 00622nam a2200265Ia 4500 | ||
|---|---|---|---|
| 008 | 171025s9999 xx 000 0 und d | ||
| 020 | _a9780007318919 | ||
| 050 | _a941.08 | ||
| 050 | _bL989 2010 | ||
| 100 | _aLynn, Dame Vera | ||
| 245 | _aSome sunny day : | ||
| 245 | _bmy autobiography / | ||
| 245 | _cby Dame Vera Lynn. | ||
| 260 | _aLondon : | ||
| 260 | _bHarper, | ||
| 260 | _c2010 | ||
| 300 | _a311 pages : | ||
| 300 | _billustrations ; | ||
| 300 | _c19cm. | ||
| 500 | _aIncludes index. | ||
| 650 | _aWomen singers -- | ||
| 650 | _aWomen singers. | ||
| 650 | _xBiography. | ||
| 700 | _aTitle. | ||
| 999 |
_c344798 _d344798 |
||